Logo BPK

Bibliografia Prac Pracowników

Politechniki Koszalińskiej

Wybrane metody modelowania kończyn robota kroczącego / (Rekord nr 6331)

Szczegóły MARC
000 -ETYKIETA REKORDU
podpole kontrolne o stałej długości 01723naa a2200253 i 4500
001 - NUMER KONTROLNY REKORDU
podpole kontrolne 6331
003 - IDENTYFIKATOR NUMERU KONTROLNEGO REKORDU
podpole kontrolne KOSZ 005
005 - DATA OSTATNIEJ MODYFIKACJI REKORDU
podpole kontrolne 20180425150950.0
008 - POLE O STAŁEJ DŁUGOŚCI - DANE KONTROLNE
podpole kontrolne o stałej długości 150316s2003 pl f |100 0 pol
040 ## - ŹRÓDŁO KATALOGOWANIA
Instytucja, która utworzyła rekord BPK
Instytucja, która dokonała modyfikacji KOSZ 005/EG
-- KOSZ 005/HR
080 ## - UNIWERSALNA KLASYFIKACJA DZIESIĘTNA - UKD
UKD 007.5
100 1# - NAZWA OSOBOWA
Nazwa osobowa KRZYŻYŃSKI, Tomasz.
Lata pracy 1997 - .
Instytucja Politechnika Koszalińska - Wydział Mechaniczny,
Wydział Katedra Mechaniki Precyzyjnej - Zakład Mechatroniki
245 10 - TYTUŁ/ODPOWIEDZIALNOŚĆ
Tytuł Wybrane metody modelowania kończyn robota kroczącego /
Pozostałe elementy strefy tytułu i oznaczenia odpowiedzialności Tomasz Krzyżyński, Robert Mróz.
246 ## - WARIANT TYTUŁU
Tytuł Selected methods of modelling of walking robot limbs
500 ## - UWAGI OGÓLNE
Tekst uwagi Dane z autopsji.
520 ## - UWAGA DOTYCZĄCA TREŚCI DOKUMENTU
Analiza dokumentacyjna, adnotacja itp. Artykuł zawiera informacje o modelowaniu kończyn kroczących w odniesieniu do przykładów zawartych w literaturze. A także analogii wśród organizmów żywych wykorzystujących do poruszania się odnóży. Prezentowany w artykule program do wstępnego modelowania kończyn kroczących jest hybrydą wykorzystującą w swoim działaniu system ekspertowy w połączeniu z algorytmem genetycznym.
650 #0 - HASŁO PRZEDMIOTOWE W FORMIE NAZWY OGÓLNEJ LUB JEDNOSTKOWEJ
Nazwa ogólna lub geograficzna Maszyny kroczące.
650 #0 - HASŁO PRZEDMIOTOWE W FORMIE NAZWY OGÓLNEJ LUB JEDNOSTKOWEJ
Nazwa ogólna lub geograficzna Modelowanie i sterowanie rozmyte.
655 #0 - TERMIN INDEKSOWY - OKREŚLENIE RODZAJU/FORMY DOKUMENTU
Określnie rodzaju/formy dokumentu Materiały konferencyjne.
700 1# - HASŁO DODATKOWE - NAZWA OSOBOWA
Nazwa osobowa MRÓZ, Robert - doktorant.
Instytucja Politechnika Koszalińska - Wydział Mechaniczny,
Wydział Katedra Mechaniki Precyzyjnej - Zakład Mechatroniki
711 22 - HASŁO DODATKOWE - NAZWA IMPREZY
Nazwa imprezy Warsztaty Naukowe PTSK
Oznaczenie części/sekcji dzieła (9 ;
Data imprezy 2002 ;
Miejsce imprezy Koszalin - Osieki, Polska).
773 0# - TYTUŁ DOKUMENTU MACIERZYSTEGO
Wyrażenie wprowadzające W :
Tytuł Symulacja w badaniach i rozwoju : zbiór referatów IX Warsztatów Naukowych PTSK, Koszalin - Osieki, 28-31 sierpnia 2002 / pod redakcją Tomasza Krzyżyńskiego i Andrzeja Tylikowskiego. -
Adres wydawniczy Koszalin : Wydaw. Uczelniane Politechniki Koszalińskiej, 2003. -
Informacje dotyczące relacji s. 193-200
942 ## - HASŁO DODATKOWE - ELEMENTY(KOHA)
Typ dokumentu Rozdział
Schemat klasyfikacji Uniwersalna klasyfikacja dziesiętna
Egzemplarze
Wycofany Zagubiony Uszkodzony Dostępność Lokalizacja stała Lokalizacja bieżąca Sygnatura Typ dokumentu
      Dostępny Bibliografia Prac Pracowników - BPK Bibliografia Prac Pracowników - BPK 70620 Rozdział
© 2014 Biblioteka Politechniki Koszalińskiej :: BIBLIOGRAFIA PRAC PRACOWNIKÓW